[Event "SR 2. liga A 2016/2017"]
[Site "?"]
[Date "2017.01.21"]
[Round "7.4"]
[White "Hurban, Martin"]
[Black "Zdrazil, Bohumir"]
[Result "1/2-1/2"]
[WhiteElo "1994"]
[BlackElo "1910"]
[PlyCount "107"]
[EventDate "2016.??.??"]

1. e4 e6 2. d4 d5 3. Nc3 Nf6 4. Bg5 Be7 5. e5 Nfd7 6. Bxe7 Qxe7 7. Qg4 f5 8.
Qf4 a6 9. Nf3 c5 10. O-O-O Nc6 11. Ne2 c4 12. g4 Rf8 13. Bh3 g6 14. gxf5 exf5
15. Nc3 Nb6 16. Bg2 Be6 17. h4 O-O-O 18. h5 Rg8 19. Ng5 Rg7 20. hxg6 hxg6 21.
Rh6 Rdg8 22. Qh4 Nd8 23. a4 Nf7 24. Nxf7 Qxf7 25. a5 Na8 26. Na4 Nc7 27. Rh1
Kb8 28. Nc5 Ka7 29. Qg5 Bc8 30. Qd2 Qe8 31. f4 Qd8 32. Bf3 Bd7 33. Rg1 Bc6 34.
Qb4 Nb5 35. Ne6 Qe7 36. Qxe7 Rxe7 37. Rgxg6 Rxe6 38. Rxe6 Nxd4 39. Bh5 Nxe6 40.
Rxe6 Rg1+ 41. Kd2 Rg2+ 42. Be2 Bb5 43. c3 d4 44. cxd4 c3+ 45. bxc3 Bxe2 46. Rf6
Bc4+ 47. Kd1 Bb3+ 48. Ke1 Rc2 49. Rxf5 Rxc3 50. Kd2 Rc6 51. Rg5 b6 52. axb6+
Kxb6 53. f5 a5 54. Rg6 1/2-1/2

[Event "SR 2. liga A 2016/2017"]
[Site "?"]
[Date "2017.01.21"]
[Round "7.4"]
[White "Zetocha, Adrian"]
[Black "Kosegi, Marek"]
[Result "1/2-1/2"]
[WhiteElo "1957"]
[BlackElo "1908"]
[PlyCount "108"]
[EventDate "2016.??.??"]

1. d4 d5 2. c4 c6 3. e3 Nf6 4. Nc3 e6 5. Nf3 Nbd7 6. Bd3 dxc4 7. Bxc4 b5 8. Bd3
Bb7 9. O-O a6 10. Re1 c5 11. a4 c4 12. Bf1 b4 13. Na2 Rc8 14. Nd2 c3 15. bxc3
bxc3 16. Nf3 a5 17. Bd3 Bb4 18. Nxb4 axb4 19. e4 O-O 20. a5 Qc7 21. Qa4 Rb8 22.
Qb3 Ba8 23. Bg5 Rfc8 24. Bc2 h6 25. Bh4 Qc4 26. Qxc4 Rxc4 27. Bg3 Rb7 28. Bd3
Rc6 29. d5 exd5 30. exd5 Rc5 31. a6 Ra7 32. Bf4 Rxd5 33. Bc2 g5 34. Be3 Nc5 35.
Ra5 Rc7 36. Nd4 Ne6 37. Nxe6 fxe6 38. Ra4 Rd2 39. Rxb4 Rxc2 40. Rb8+ Kf7 41.
Rxa8 Ra2 42. a7 Nd5 43. Rh8 Nxe3 44. Rh7+ Kg6 45. Rxc7 Nd5 46. Rb7 Nf4 47. g4
Nh3+ 48. Kg2 Nf4+ 49. Kf3 Kf6 50. Rh7 Kg6 51. Rc7 c2 52. h4 Kf6 53. hxg5+ hxg5
54. Rh1 Ra3+ 1/2-1/2

[Event "SR 2. liga A 2016/2017"]
[Site "?"]
[Date "2017.01.21"]
[Round "7.5"]
[White "Farkas, Gabor"]
[Black "Macko, Peter"]
[Result "1/2-1/2"]
[WhiteElo "2368"]
[BlackElo "2027"]
[PlyCount "136"]
[EventDate "2016.??.??"]

1. d4 Nf6 2. c4 c5 3. Nf3 cxd4 4. Nxd4 e5 5. Nf3 Nc6 6. Nc3 Bb4 7. Bd2 O-O 8.
a3 Bxc3 9. Bxc3 Re8 10. e3 d5 11. Qc2 d4 12. O-O-O Bg4 13. exd4 exd4 14. Bxd4
Bxf3 15. gxf3 Nxd4 16. Qc3 Qa5 17. Rxd4 Qxc3+ 18. bxc3 Re1+ 19. Rd1 Rae8 20.
Bd3 R1e5 21. Kc2 Kf8 22. Rb1 b6 23. Rb5 Nd7 24. f4 R5e6 25. a4 Nc5 26. a5 Rd8
27. Rd1 Rh6 28. axb6 axb6 29. Bf5 Rxd1 30. Kxd1 Rxh2 31. Ke2 Rh6 32. Ke3 Rd6
33. Rb1 g6 34. Bc2 Ke7 35. f5 Kf6 36. Rh1 h5 37. f4 Kg7 38. fxg6 fxg6 39. f5
gxf5 40. Rxh5 Kf6 41. Rxf5+ Ke7 42. Rh5 Re6+ 43. Kf4 Kd6 44. Bf5 Re2 45. Rh6+
Kc7 46. Rh7+ Kc6 47. Kf3 Re1 48. Bg6 Rc1 49. Bf7 Rxc3+ 50. Kf4 Rb3 51. Be8+ Kd6
52. Rh6+ Kc7 53. Bc6 Rb1 54. Bg2 Nd3+ 55. Kf5 Nc5 56. Bf3 Rc1 57. Bd5 Rf1+ 58.
Ke5 Re1+ 59. Kd4 Rd1+ 60. Ke3 Rb1 61. Ke2 Rb4 62. Rg6 Nd7 63. Ke3 Rb1 64. Rc6+
Kb8 65. Be4 Rd1 66. Bc2 Rf1 67. Be4 Rf6 68. Rxf6 Nxf6 1/2-1/2

[Event "SR 2. liga A 2016/2017"]
[Site "?"]
[Date "2017.01.21"]
[Round "7.5"]
[White "Bednar, Jan"]
[Black "Varga, David"]
[Result "0-1"]
[WhiteElo "2072"]
[BlackElo "2297"]
[PlyCount "38"]
[EventDate "2016.??.??"]

1. d4 Nf6 2. c4 c6 3. Nf3 d5 4. Nc3 dxc4 5. a4 Bf5 6. e3 e6 7. Bxc4 Bb4 8. O-O
O-O 9. Qb3 Qe7 10. Bd2 Rd8 11. Ne4 Bxe4 12. Bxb4 Qc7 13. Ne5 Nbd7 14. Bxe6 Nxe5
15. dxe5 Qxe5 16. Bxf7+ Kh8 17. f3 Bd5 18. Bxd5 Nxd5 19. e4 Qd4+ 0-1

[Event "SR 2. liga A 2016/2017"]
[Site "?"]
[Date "2017.01.21"]
[Round "7.5"]
[White "Balogh, Peter"]
[Black "Macka, Oto"]
[Result "1-0"]
[WhiteElo "2275"]
[BlackElo "2017"]
[PlyCount "67"]
[EventDate "2016.??.??"]

1. d4 d5 2. c4 dxc4 3. Nf3 Nf6 4. e3 e6 5. Bxc4 c5 6. O-O Nc6 7. Qe2 cxd4 8.
Rd1 Qc7 9. exd4 Be7 10. Nc3 a6 11. a4 O-O 12. Bg5 Nb4 13. Rac1 Qd8 14. h3 Re8
15. Ne5 Nfd5 16. Bxe7 Rxe7 17. Qf3 Nf6 18. Bb3 Rc7 19. Rd2 Qe7 20. Re1 Qf8 21.
g4 Re7 22. g5 Nd7 23. Ng4 Rb8 24. Rde2 Nc6 25. Qe4 Qd8 26. d5 exd5 27. Qxd5 Qf8
28. Ne4 Nb6 29. Qc5 Na8 30. Nef6+ gxf6 31. Nxf6+ Kh8 32. Rxe7 Nxe7 33. Rxe7
Bxh3 34. Rxf7 1-0

[Event "SR 2. liga A 2016/2017"]
[Site "?"]
[Date "2017.01.21"]
[Round "7.5"]
[White "Goga, Frantisek"]
[Black "Gruca, Miroslav"]
[Result "0-1"]
[WhiteElo "1990"]
[BlackElo "2200"]
[PlyCount "130"]
[EventDate "2016.??.??"]

1. e4 c6 2. d4 d5 3. e5 c5 4. c3 Nc6 5. Be3 cxd4 6. cxd4 Bf5 7. Bd3 Bxd3 8.
Qxd3 Qb6 9. Nc3 e6 10. Nge2 Nge7 11. O-O g6 12. Qb5 Nc8 13. Bg5 Qxb5 14. Nxb5
Kd7 15. Rac1 a6 16. Nbc3 Nb6 17. Nd1 Bg7 18. Ne3 h6 19. Bh4 g5 20. Bg3 f6 21.
exf6 Bxf6 22. Ng4 Bg7 23. b3 Rac8 24. Rfd1 Ke7 25. h4 Nd7 26. Kf1 h5 27. Ne3
Bf6 28. hxg5 Bxg5 29. Bf4 Bf6 30. Nc2 Rcf8 31. Be3 h4 32. Nf4 Rhg8 33. Nh3 Rg6
34. Ne1 Rg4 35. f3 Rg3 36. Bf2 Rg7 37. a3 Kf7 38. Rc2 Be7 39. Re2 Rh8 40. Ra1
Bd6 41. f4 Nf8 42. Ng5+ Kf6 43. Nd3 Bxf4 44. Nxf4 Rxg5 45. Rae1 Nd8 46. Rc1 Rf5
47. Nh3 Nc6 48. Kg1 Ng6 49. Rce1 e5 50. dxe5+ Ngxe5 51. Rd1 Ke6 52. Bd4 Rg8 53.
Bxe5 Nxe5 54. Kh2 Kd6 55. Rd4 Rf1 56. Rxh4 Ng4+ 57. Kg3 Nf2+ 58. Kf3 Nxh3+ 59.
Ke3 Ng5 60. Rh6+ Ke5 61. Kd3+ Ne4 62. Rh5+ Rf5 63. Rh7 Rc8 64. Re7+ Kd6 65.
Rxb7 Nc5+ 0-1

[Event "SR 2. liga A 2016/2017"]
[Site "?"]
[Date "2017.01.21"]
[Round "7.5"]
[White "Koloditsova, Renata"]
[Black "Suchansky, Jakub"]
[Result "1-0"]
[WhiteElo "1938"]
[BlackElo "1892"]
[PlyCount "107"]
[EventDate "2016.??.??"]

1. d4 Nf6 2. Nf3 e6 3. Bf4 b6 4. e3 Bb7 5. Bd3 Be7 6. h3 O-O 7. O-O d5 8. Nbd2
c5 9. c3 Nbd7 10. Qb1 Rc8 11. a4 Re8 12. Bh2 Nf8 13. Ne5 N6d7 14. f4 f6 15.
Nef3 Bd6 16. e4 e5 17. dxe5 fxe5 18. exd5 Bxd5 19. Ng5 h6 20. Nge4 Bc7 21. f5
Nh7 22. Bb5 Rf8 23. Qd3 Ndf6 24. Bc4 Bxc4 25. Qxc4+ Qd5 26. Rae1 Qxc4 27. Nxc4
Nxe4 28. Rxe4 Nf6 29. Re2 e4 30. g4 Bxh2+ 31. Kxh2 Rcd8 32. Rfe1 Rfe8 33. Ne3
Nd5 34. Nxd5 Rxd5 35. Kg3 Rd3+ 36. Re3 Red8 37. Kf4 Rxe3 38. Rxe3 Rd2 39. b3 c4
40. b4 Ra2 41. Rxe4 Rxa4 42. Rxc4 b5 43. Rc5 a6 44. h4 Ra1 45. g5 Rf1+ 46. Kg4
hxg5 47. hxg5 Rg1+ 48. Kh5 Kf7 49. Rc7+ Kf8 50. Kg6 Rg3 51. Rf7+ Ke8 52. Rxg7
Rxc3 53. f6 Rc4 54. Rg8+ 1-0

[Event "SR 2. liga A 2016/2017"]
[Site "?"]
[Date "2017.01.21"]
[Round "7.5"]
[White "Vinarcik, Jan"]
[Black "Pusec, Pavel"]
[Result "1-0"]
[WhiteElo "1848"]
[BlackElo "1984"]
[PlyCount "87"]
[EventDate "2016.??.??"]

1. e4 d6 2. d4 Nf6 3. Nc3 g6 4. f3 c6 5. Be3 b5 6. Qd2 a6 7. a3 Bb7 8. Nge2
Nbd7 9. Ng3 Qc7 10. Be2 h5 11. O-O h4 12. Nh1 O-O-O 13. Rfd1 e6 14. Na2 d5 15.
e5 Nh7 16. a4 f6 17. f4 fxe5 18. fxe5 Bg7 19. axb5 axb5 20. Nb4 Nxe5 21. Bf4
Qb6 22. Qe3 Nd7 23. Bg4 Rde8 24. Ra3 c5 25. dxc5 Qxc5 26. Qxc5+ Nxc5 27. Ra5
Bxb2 28. Rxb5 Nd7 29. Nxd5 Bxd5 30. Rxb2 Nhf6 31. Be2 e5 32. Ba6+ Kd8 33. Bg5
Rh5 34. Bxf6+ Nxf6 35. c4 e4 36. cxd5 e3 37. Rb8+ Kc7 38. Rxe8 Nxe8 39. Re1 Re5
40. Bb5 Nf6 41. Bc6 Nxd5 42. Bxd5 Rxd5 43. Kf1 Rf5+ 44. Ke2 1-0

[Event "SR 2. liga A 2016/2017"]
[Site "?"]
[Date "2017.01.21"]
[Round "7.5"]
[White "Lesny, Stefan"]
[Black "Henc, Marian"]
[Result "1-0"]
[WhiteElo "2027"]
[BlackElo "1945"]
[PlyCount "87"]
[EventDate "2016.??.??"]

1. e4 d6 2. f4 g6 3. Nf3 Bg7 4. c3 c5 5. d3 Nc6 6. g3 Nf6 7. Bg2 c4 8. e5 dxe5
9. fxe5 Ng4 10. d4 h5 11. Qe2 Na5 12. O-O Rb8 13. Nbd2 b5 14. Ne4 Nb7 15. Bf4
e6 16. Nfg5 Nh6 17. Nf6+ Ke7 18. Rad1 Qb6 19. Kh1 Nf5 20. d5 Nc5 21. d6+ Kf8
22. Ngh7+ Rxh7 23. Nxh7+ Kg8 24. Ng5 Nd3 25. Rxd3 cxd3 26. Qxd3 Bd7 27. Qe4 Rc8
28. Qb7 Qxb7 29. Bxb7 Rb8 30. Bg2 f6 31. Nf3 g5 32. exf6 gxf4 33. fxg7 fxg3 34.
Ne5 Rd8 35. Rd1 Ne3 36. Rd3 Nxg2 37. Kxg2 gxh2 38. Kxh2 Kxg7 39. Kg3 Kf6 40.
Kf4 Bc8 41. b3 Bb7 42. c4 a6 43. c5 Bd5 44. c6 1-0

[Event "SR 2. liga A 2016/2017"]
[Site "?"]
[Date "2017.01.21"]
[Round "7.5"]
[White "Halasz, Michal"]
[Black "Pozsar, Peter"]
[Result "0-1"]
[WhiteElo "1699"]
[BlackElo "1894"]
[PlyCount "68"]
[EventDate "2016.??.??"]

1. d4 Nf6 2. c4 c5 3. d5 b5 4. cxb5 a6 5. bxa6 Bxa6 6. Nc3 g6 7. e4 Bxf1 8.
Kxf1 d6 9. Nge2 Bg7 10. g3 O-O 11. Kg2 Nbd7 12. f4 Nb6 13. Qc2 Nfd7 14. b3 c4
15. b4 Na4 16. Rb1 Ndb6 17. Bd2 Qc7 18. Nxa4 Nxa4 19. Nc3 Nb6 20. Ra1 Qd7 21.
b5 Ra3 22. Rab1 Rfa8 23. Rb2 Qc7 24. Rb4 Qc5 25. Rhb1 Qd4 26. Rc1 R8a5 27. Rcb1
Rxc3 28. Bxc3 Qxc3 29. Qe2 Bd4 30. R4b2 Ra3 31. Rc2 Qa5 32. Qe1 Qa4 33. Qd2 Rd3
34. Qb4 Qxc2+ 0-1

[Event "SR 2. liga A 2016/2017"]
[Site "?"]
[Date "2017.01.21"]
[Round "7.6"]
[White "Takacs, Laszlo"]
[Black "Schwarz, Dusan"]
[Result "0-1"]
[WhiteElo "2183"]
[BlackElo "2303"]
[PlyCount "102"]
[EventDate "2016.??.??"]

1. e4 c5 2. Nf3 d6 3. d4 cxd4 4. Nxd4 Nf6 5. Nc3 g6 6. Be3 Bg7 7. f3 Nc6 8. Bc4
O-O 9. Qd2 Bd7 10. O-O-O Rc8 11. Bb3 Nxd4 12. Bxd4 b5 13. Bxa7 b4 14. Nd5 Nxd5
15. exd5 Qa5 16. Bd4 Ba4 17. Qe3 Bxb3 18. Qxb3 Rc7 19. Rhe1 Rfc8 20. Re2 Qb5
21. Qd3 Qxd5 22. Bxg7 Qxd3 23. Rxd3 Kxg7 24. Rd4 Ra8 25. Kb1 Rca7 26. c3 Rxa2
27. Rxb4 R8a7 28. Kc2 f5 29. Kb3 Kf6 30. Rb8 Ra1 31. Kc4 Rc7+ 32. Kb4 Rc1 33.
Kb3 Ra7 34. Kc4 h5 35. Kd3 e5 36. Rb6 Ke6 37. Kc4 Rc7+ 38. Kb5 Rc5+ 39. Kb4 g5
40. b3 R5xc3 41. Rd2 Rc6 42. Rxc6 Rxc6 43. Kb5 Rc3 44. Rb2 d5 45. b4 d4 46. Ra2
d3 47. Ra6+ Kd5 48. Ra8 Kd4 49. Rd8+ Ke3 50. Rd5 e4 51. Rxf5 d2 0-1

[Event "SR 2. liga A 2016/2017"]
[Site "?"]
[Date "2017.01.21"]
[Round "7.6"]
[White "Cech, Dominik"]
[Black "Darazs, Zoltan"]
[Result "1-0"]
[WhiteElo "2214"]
[BlackElo "2159"]
[PlyCount "79"]
[EventDate "2016.??.??"]

1. e4 c5 2. Nf3 Nc6 3. Nc3 Nf6 4. Bb5 Nd4 5. e5 Nxb5 6. Nxb5 Nd5 7. Ng5 Nc7 8.
Qh5 g6 9. Qf3 f6 10. exf6 Bh6 11. f7+ Kf8 12. d4 Bxg5 13. Bxg5 h6 14. Nxc7 Qxc7
15. Bxe7+ Kxe7 16. O-O-O d5 17. Rhe1+ Be6 18. Rxe6+ Kxe6 19. Re1+ Kd7 20. Qxd5+
Qd6 21. Qxb7+ Qc7 22. Qd5+ Qd6 23. Qb7+ Qc7 24. Re7+ Kxe7 25. Qxc7+ Kf6 26.
dxc5 Rhc8 27. Qb7 Rcb8 28. Qf3+ Kg7 29. c6 Rf8 30. c7 Rac8 31. Qb7 Kxf7 32.
Qxa7 Ke7 33. b4 Kd7 34. Qc5 Rf5 35. Qd4+ Kxc7 36. Qg7+ Kb8 37. Qxg6 Rcf8 38. f3
R8f6 39. Qg8+ Kb7 40. Kb2 1-0

[Event "SR 2. liga A 2016/2017"]
[Site "?"]
[Date "2017.01.21"]
[Round "7.6"]
[White "Cibulka, Vladimir"]
[Black "Petrik, Stanislav"]
[Result "0-1"]
[WhiteElo "2192"]
[BlackElo "2122"]
[PlyCount "132"]
[EventDate "2016.??.??"]

1. d4 Nf6 2. Nf3 e6 3. Bg5 c5 4. e3 cxd4 5. exd4 Nc6 6. c3 Be7 7. Nbd2 b6 8.
Bd3 Bb7 9. O-O h6 10. Bh4 O-O 11. Re1 Nd5 12. Bxe7 Qxe7 13. Bf1 Nf4 14. g3 Ng6
15. Bg2 d5 16. Nf1 Rac8 17. Ne3 Qd6 18. Qd3 Na5 19. Rad1 Nc4 20. Nxc4 Rxc4 21.
Bh3 Bc8 22. Bf1 Rc7 23. Ne5 Nxe5 24. dxe5 Qc5 25. Qd4 Qa5 26. a3 Ba6 27. Bg2
Bc4 28. Qe3 Qb5 29. Qc1 Bd3 30. Re3 Bg6 31. Rd4 a5 32. Bf1 Qc5 33. Qd2 b5 34.
Bd3 Bxd3 35. Rexd3 Rb8 36. Rg4 Kh8 37. Rdd4 Qf8 38. Rh4 Rc4 39. Kg2 Rxd4 40.
Rxd4 Qe7 41. h4 Rc8 42. Qf4 Kg8 43. Qe3 Rc6 44. Qf4 Qc7 45. Qe3 Qb8 46. f4 Rc4
47. Qd3 Qc7 48. Qd2 Qc5 49. Kf3 h5 50. Ke3 b4 51. axb4 axb4 52. cxb4 Qa7 53. b5
Qc5 54. Qd3 Rb4 55. Qc3 Qxc3+ 56. bxc3 Rxb5 57. Ra4 Rb3 58. Ra8+ Kh7 59. Rc8
Kg6 60. Kf2 Kf5 61. Rc7 Ke4 62. Rxf7 Rxc3 63. Rxg7 d4 64. Ke2 d3+ 65. Kd2 Rc2+
66. Kd1 Ke3 0-1

[Event "SR 2. liga A 2016/2017"]
[Site "?"]
[Date "2017.01.21"]
[Round "7.6"]
[White "Nemsak, Denis"]
[Black "Veselsky, Jozef"]
[Result "0-1"]
[WhiteElo "2061"]
[BlackElo "2076"]
[PlyCount "118"]
[EventDate "2016.??.??"]

1. c4 e6 2. e4 c6 3. d4 d5 4. exd5 exd5 5. Nc3 Nf6 6. Bd3 Be7 7. Nge2 dxc4 8.
Bxc4 O-O 9. O-O Bf5 10. Ng3 Bg6 11. f4 h6 12. f5 Bh7 13. Be3 Nbd7 14. Qf3 Nb6
15. Bb3 Nbd5 16. Rad1 Bd6 17. Nxd5 Nxd5 18. Bxd5 cxd5 19. f6 Qxf6 20. Qxf6 gxf6
21. Nh5 Be7 22. Bxh6 Rfe8 23. Rde1 Bg6 24. Ng7 Be4 25. Nxe8 Rxe8 26. Rc1 f5 27.
Rc7 Bf6 28. Rd1 Kh7 29. Bf4 Kg6 30. Rxb7 Rc8 31. Rc7 Rb8 32. b3 Rb4 33. Rc6 Kg7
34. Bh6+ Kg6 35. Bf8 Rb7 36. Bd6 Kg5 37. Kf2 Bd8 38. Be5 f6 39. Bd6 f4 40. g3
f3 41. Bf4+ Kf5 42. Bd6 Bb6 43. b4 Bd8 44. a4 Kg4 45. h4 Bf5 46. Bc5 Bc2 47.
Ra1 Bc7 48. Rxf6 Bxg3+ 49. Ke3 Be4 50. Rg1 Kh3 51. b5 Rg7 52. Ra1 Kg2 53. Ra2+
Kh3 54. a5 Bxh4 55. Rh6 Rg3 56. Bd6 f2+ 57. Bxg3 f1=Q 58. Bxh4 Qf3+ 59. Kd2
Qd3+ 0-1

[Event "SR 2. liga A 2016/2017"]
[Site "?"]
[Date "2017.01.21"]
[Round "7.6"]
[White "Polacik, Igor"]
[Black "Merva, Frantisek"]
[Result "1/2-1/2"]
[WhiteElo "2199"]
[BlackElo "2110"]
[PlyCount "64"]
[EventDate "2016.??.??"]

1. e4 e5 2. Nc3 Nf6 3. f4 d5 4. fxe5 Nxe4 5. Nf3 Be7 6. d3 Nxc3 7. bxc3 Nd7 8.
Be2 O-O 9. O-O f6 10. d4 fxe5 11. dxe5 Nc5 12. c4 Be6 13. Nd4 Rxf1+ 14. Qxf1
dxc4 15. Bb2 Bd5 16. Nf5 Bf8 17. Rd1 c6 18. Ne3 Ne6 19. Kh1 Bc5 20. Nxd5 cxd5
21. Bxc4 Qb6 22. Bb3 Kh8 23. Rxd5 Rf8 24. Qc4 Be7 25. Rd1 Qf2 26. h3 Nf4 27.
Qe4 Bh4 28. Bd5 Ne2 29. Qd3 Ng3+ 30. Kh2 Qf4 31. Kg1 Qf2+ 32. Kh2 Qf4 1/2-1/2

[Event "SR 2. liga A 2016/2017"]
[Site "?"]
[Date "2017.01.21"]
[Round "7.6"]
[White "Kalmar, Tamas"]
[Black "Krajnak, Robert"]
[Result "1/2-1/2"]
[WhiteElo "2066"]
[BlackElo "2050"]
[PlyCount "95"]
[EventDate "2016.??.??"]

1. d4 Nf6 2. c4 e6 3. Nf3 b6 4. g3 Ba6 5. Nbd2 c5 6. Bg2 Bb7 7. O-O cxd4 8.
Nxd4 Bxg2 9. Kxg2 Be7 10. e4 d6 11. Qf3 Na6 12. Nc6 Qc8 13. Nxe7 Kxe7 14. b3
Nc5 15. Bb2 Qc7 16. Rfe1 Ncd7 17. Rad1 Rhd8 18. Nf1 Ne5 19. Qe2 Kf8 20. f3 Kg8
21. Rd2 Ne8 22. Red1 Nd7 23. Ne3 Rac8 24. Nc2 a6 25. Nb4 Nc5 26. Nd3 Nb7 27.
Nf4 Ra8 28. Qe3 b5 29. Rc1 b4 30. Rcd1 Rdc8 31. g4 Qc5 32. Bd4 Qg5 33. Nd3 Qxe3
34. Bxe3 a5 35. Nb2 Rc6 36. Na4 f6 37. h4 Kf7 38. h5 Raa6 39. Rc1 Nc7 40. Rcd1
e5 41. Kf2 Ne6 42. Rd5 Nc7 43. R5d2 Ne6 44. Ke2 Ke7 45. Rd5 Nc7 46. R5d3 Ne6
47. R3d2 Nbc5 48. Nxc5 1/2-1/2

[Event "SR 2. liga A 2016/2017"]
[Site "?"]
[Date "2017.01.21"]
[Round "7.6"]
[White "Machalec, Vladimir"]
[Black "Vegh, Vince"]
[Result "1-0"]
[WhiteElo "1824"]
[BlackElo "1931"]
[PlyCount "109"]
[EventDate "2016.??.??"]

1. c4 c6 2. Nc3 d5 3. cxd5 cxd5 4. Nf3 Nf6 5. g3 Nc6 6. d4 Bf5 7. Bg2 h6 8. O-O
e6 9. a3 a6 10. Bf4 Be7 11. Rc1 O-O 12. Na4 Ne4 13. Ne5 Nxe5 14. Bxe5 b5 15.
Bc7 Qe8 16. Nb6 Ra7 17. f3 Nd6 18. Bxd6 Bxd6 19. Nc8 Rd7 20. Nxd6 Rxd6 21. e4
Bg6 22. Re1 Qd7 23. e5 Rc6 24. Qd2 Rfc8 25. b4 Rc2 26. Qe3 R8c4 27. Rxc2 Rxc2
28. Rc1 Qc7 29. Rxc2 Qxc2 30. Bf1 Kh7 31. Be2 Bf5 32. g4 Bg6 33. Kg2 Kh8 34. h3
Qb2 35. Kg3 Bc2 36. h4 Bb3 37. f4 Bc4 38. Bf3 Qb1 39. h5 Kg8 40. f5 Qd3 41.
Qxd3 Bxd3 42. Kf4 Kf8 43. f6 gxf6 44. exf6 Ke8 45. g5 hxg5+ 46. Kxg5 Kf8 47.
Kf4 Kg8 48. Ke5 Bc2 49. Kd6 Kh7 50. Bg4 Kg8 51. Bxe6 Bd1 52. Bxd5 Bxh5 53. Ke7
Bg6 54. Bb7 Bd3 55. d5 1-0

[Event "SR 2. liga A 2016/2017"]
[Site "?"]
[Date "2017.02.11"]
[Round "8.1"]
[White "Puskar, Peter"]
[Black "Takacs, Laszlo"]
[Result "1/2-1/2"]
[WhiteElo "2206"]
[BlackElo "2208"]
[PlyCount "69"]
[EventDate "2016.??.??"]

1. d4 Nf6 2. Nf3 g6 3. g3 Bg7 4. Bg2 O-O 5. O-O d6 6. c4 Nc6 7. Nc3 a6 8. e4 e5
9. d5 Ne7 10. b4 b5 11. Nd2 bxc4 12. Nxc4 Nd7 13. Na5 Nb6 14. Qb3 h6 15. Bb2 f5
16. exf5 Nxf5 17. Nc6 Qe8 18. a4 Qf7 19. a5 Nd7 20. Ne2 Bb7 21. Rac1 Kh7 22.
Ba1 Rae8 23. Qc4 Nf6 24. Rce1 Ne7 25. Nxe7 Rxe7 26. Nc3 c6 27. Rd1 Rc7 28. Qd3
cxd5 29. Nxd5 Nxd5 30. Bxd5 Bxd5 31. Qxd5 Qxd5 32. Rxd5 Rc6 33. b5 axb5 34.
Rxb5 g5 35. Bb2 1/2-1/2

[Event "SR 2. liga A 2016/2017"]
[Site "?"]
[Date "2017.02.11"]
[Round "8.1"]
[White "Darazs, Zoltan"]
[Black "Szitkey, Milan"]
[Result "0-1"]
[WhiteElo "2151"]
[BlackElo "2081"]
[PlyCount "126"]
[EventDate "2016.??.??"]

1. e4 e6 2. d4 d5 3. Nc3 Nf6 4. e5 Nfd7 5. f4 c5 6. Nf3 Nc6 7. Be3 Qb6 8. Qd2
c4 9. Bxc4 dxc4 10. d5 Bc5 11. Bxc5 Nxc5 12. dxc6 O-O 13. c7 Qxc7 14. O-O-O Bd7
15. Ng5 Bc6 16. Qd4 Bxg2 17. Rhg1 Rad8 18. Qf2 Rxd1+ 19. Rxd1 h6 20. Qxg2 hxg5
21. Rg1 f6 22. fxg5 fxg5 23. Qe2 Rf5 24. Qxc4 Qxe5 25. Kb1 b6 26. Rd1 Kf7 27.
b4 Rf4 28. Rf1 Nd7 29. Ne4 Rxf1+ 30. Qxf1+ Nf6 31. Ng3 Qc3 32. Qb5 Qd2 33. Ne2
Ng4 34. Nc1 Ne3 35. Qa4 Nd1 36. Qxa7+ Kf6 37. Qa3 Nc3+ 38. Kb2 Nd1+ 39. Kb1
Nc3+ 40. Kb2 Nd5 41. Qf3+ Qf4 42. Qg3 Qxb4+ 43. Nb3 Qf4 44. Qh3 b5 45. Qh8 Qe5+
46. Kc1 b4 47. Qf8+ Kg6 48. Qe8+ Kf5 49. h3 Qe1+ 50. Kb2 Qc3+ 51. Kc1 Qxh3 52.
Qf8+ Ke4 53. Nd2+ Ke3 54. Qxg7 Qh1+ 55. Kb2 Kxd2 56. Qxg5+ Ne3 57. Qd8+ Qd5 58.
Qf6 Nd1+ 59. Ka1 Kc1 60. a3 bxa3 61. Qh6+ Qd2 62. Qg7 Ne3 63. Qg1+ Kxc2 0-1

[Event "SR 2. liga A 2016/2017"]
[Site "?"]
[Date "2017.02.11"]
[Round "8.1"]
[White "Cibulka, Vladimir"]
[Black "Mosny, Jaroslav"]
[Result "1-0"]
[WhiteElo "2171"]
[BlackElo "1961"]
[PlyCount "59"]
[EventDate "2016.??.??"]

1. d4 Nf6 2. Nf3 d5 3. Bg5 e6 4. e3 Be7 5. Nbd2 O-O 6. Bd3 h6 7. Bh4 b6 8. Ne5
Bb7 9. O-O c5 10. c3 Nc6 11. f4 Ne4 12. Bxe7 Nxe7 13. Qe2 f6 14. Nef3 Nf5 15.
Rad1 Qe7 16. g4 Nfd6 17. Nh4 Qe8 18. Nxe4 dxe4 19. Bc2 Qb5 20. Qxb5 Nxb5 21.
dxc5 bxc5 22. Bb3 Nc7 23. Rd7 Rf7 24. Rxf7 Kxf7 25. Rd1 Bd5 26. Ba4 g5 27. Ng2
Rb8 28. c4 Rb4 29. b3 Bxc4 30. Rd7+ 1-0

[Event "SR 2. liga A 2016/2017"]
[Site "?"]
[Date "2017.02.11"]
[Round "8.1"]
[White "Doucha, Ludvig"]
[Black "Veselsky, Jozef"]
[Result "1-0"]
[WhiteElo "1902"]
[BlackElo "2078"]
[PlyCount "55"]
[EventDate "2016.??.??"]

1. e4 c5 2. c4 Nc6 3. Ne2 g6 4. d4 cxd4 5. Nxd4 Bg7 6. Be3 d6 7. Nc3 Nf6 8. Be2
O-O 9. O-O Bd7 10. Rc1 a6 11. Qd2 Rc8 12. Kh1 Ne5 13. b3 Nfg4 14. Bg5 f6 15.
Bh4 Bh6 16. f4 Nc6 17. Nxc6 Rxc6 18. h3 Ne5 19. Bf2 Nf7 20. Be3 Rc8 21. Nd5 Bc6
22. Bg4 Bxd5 23. cxd5 Rxc1 24. Rxc1 Qb8 25. Be6 Kg7 26. g4 g5 27. f5 Nd8 28.
Rc8 1-0

[Event "SR 2. liga A 2016/2017"]
[Site "?"]
[Date "2017.02.11"]
[Round "8.1"]
[White "Merva, Frantisek"]
[Black "Bahna, Jan"]
[Result "1/2-1/2"]
[WhiteElo "2107"]
[BlackElo "1836"]
[PlyCount "153"]
[EventDate "2016.??.??"]

1. d4 d5 2. c4 e6 3. Nc3 Nf6 4. cxd5 exd5 5. Bg5 Be7 6. Qc2 c6 7. e3 O-O 8. Bd3
h6 9. Bh4 Na6 10. a3 Nc7 11. Nf3 Re8 12. O-O a6 13. Rad1 Nb5 14. Ne5 Nd7 15.
Bg3 Nxe5 16. Bxe5 Bd6 17. Bxd6 Nxd6 18. Ne2 Qg5 19. Nf4 Bf5 20. Bxf5 Nxf5 21.
Qe2 Re4 22. Qf3 Rae8 23. Kh1 Nh4 24. Qg3 Qxg3 25. hxg3 Nf5 26. Rc1 Nd6 27. a4
R4e7 28. Nd3 Ra8 29. Nc5 Kf8 30. Rc2 f6 31. Rfc1 Kf7 32. Kg1 Ne4 33. Kf1 Nxc5
34. Rxc5 Ke6 35. a5 Kd6 36. Ke2 Rc7 37. R1c3 f5 38. Kf3 g5 39. Rc1 Rf8 40. Rh1
Rf6 41. Rc2 Re7 42. Rh5 Ree6 43. Rh1 Rf7 44. Rd2 Rh7 45. Rh5 Rf6 46. Rd1 c5 47.
Rdh1 Rg6 48. dxc5+ Kxc5 49. Rd1 Rd6 50. Rd4 Kb5 51. Rh1 Kxa5 52. Rc1 b5 53. b4+
Kb6 54. Rc8 Rc7 55. Rxc7 Kxc7 56. g4 fxg4+ 57. Kxg4 Kc6 58. Kf5 Rd8 59. Kg6
Rd6+ 60. Kf7 a5 61. bxa5 Kc5 62. Rd1 b4 63. f4 gxf4 64. exf4 b3 65. f5 Ra6 66.
f6 Rxa5 67. Ke6 d4 68. f7 Ra8 69. Kd7 Rf8 70. Ke7 Rb8 71. f8=Q Rxf8 72. Kxf8
Kc4 73. Kg7 b2 74. Kxh6 d3 75. g4 Kc3 76. g5 Kc2 77. Rg1 1/2-1/2

[Event "SR 2. liga A 2016/2017"]
[Site "?"]
[Date "2017.02.11"]
[Round "8.1"]
[White "Hagara, Vladimir"]
[Black "Kalmar, Tamas"]
[Result "1/2-1/2"]
[WhiteElo "1872"]
[BlackElo "2070"]
[PlyCount "48"]
[EventDate "2016.??.??"]

1. d4 d5 2. c4 e6 3. Nc3 c6 4. Nf3 Be7 5. Bf4 Nf6 6. e3 Nbd7 7. Rc1 O-O 8. Ne5
Nxe5 9. Bxe5 b6 10. cxd5 Nxd5 11. Bd3 Bb7 12. O-O Rc8 13. Qg4 Nf6 14. Qh4 h6
15. Qg3 Nh5 16. Qg4 Nf6 17. Qg3 Nh5 18. Qg4 Nf6 19. Qg3 Ne8 20. Qg4 Bf6 21. Qe4
g6 22. Rfd1 Bg7 23. Bxg7 Kxg7 24. Qe5+ Qf6 1/2-1/2

[Event "SR 2. liga A 2016/2017"]
[Site "?"]
[Date "2017.02.11"]
[Round "8.1"]
[White "Meszaros, Lorant"]
[Black "Holicky, Miroslav"]
[Result "0-1"]
[WhiteElo "1994"]
[BlackElo "1781"]
[PlyCount "82"]
[EventDate "2016.??.??"]

1. d4 b5 2. Bg5 Nf6 3. Bxf6 exf6 4. e4 a6 5. Nd2 d5 6. Bd3 Bb7 7. Ne2 Be7 8.
O-O O-O 9. c3 c5 10. exd5 Bxd5 11. Nf4 Bb7 12. Be4 Qc7 13. Nd5 Bxd5 14. Bxd5
Ra7 15. Nf3 Nd7 16. Re1 Nb6 17. Be4 Rd8 18. Qe2 Bd6 19. Rad1 Qc8 20. Qd3 g6 21.
dxc5 Qxc5 22. Nd4 Rad7 23. Qf3 Be5 24. Nb3 Qc7 25. g3 Nc4 26. Rxd7 Rxd7 27. Qe2
Kg7 28. Kg2 Qb6 29. h4 a5 30. f4 Bb8 31. Nd4 Ba7 32. Bf3 Qc5 33. h5 b4 34. hxg6
hxg6 35. Qe8 Rxd4 36. cxd4 Qxd4 37. Qe2 Nxb2 38. Kh3 a4 39. Qc2 Qd3 40. Qxb2
Qxf3 41. Qxb4 Bf2 0-1

[Event "SR 2. liga A 2016/2017"]
[Site "?"]
[Date "2017.02.11"]
[Round "8.2"]
[White "Sosna, Jan"]
[Black "Farkas, Gabor"]
[Result "1-0"]
[WhiteElo "2353"]
[BlackElo "2370"]
[PlyCount "79"]
[EventDate "2016.??.??"]

1. d4 d5 2. Nf3 Nf6 3. c3 e6 4. Bg5 c5 5. e3 Qb6 6. Qb3 c4 7. Qc2 Ne4 8. Bh4
Bd6 9. Nfd2 f5 10. f3 Nxd2 11. Nxd2 Qc7 12. f4 Nc6 13. Be2 O-O 14. O-O b5 15.
g4 Bb7 16. Nf3 Be7 17. Bxe7 Qxe7 18. Rf2 a5 19. Rg2 b4 20. Kh1 a4 21. a3 bxc3
22. bxc3 Bc8 23. Rag1 Rf7 24. Qc1 Qf8 25. Bd1 Rb7 26. Bc2 Na5 27. Bxa4 Nb3 28.
Bxb3 cxb3 29. gxf5 exf5 30. Ne5 Qxa3 31. Rb2 Rc7 32. Qd2 Be6 33. Nd3 g6 34.
Rgb1 Rb8 35. Nc5 Rxc5 36. dxc5 d4 37. cxd4 Bd5+ 38. Kg1 Be4 39. Rc1 Bc2 40.
Rcxc2 1-0